000 01452cam a2200337 i 4500
999 _c9571
_d9571
001 36582081
003 OCoLC
005 20210118152116.0
008 970311s1997 miu 000 0 eng
010 _a97011015 //r97
020 _a0800756258 (pbk.)
040 _aDLC
_beng
_erda
_cDLC
_dMAL
050 0 0 _aHG179
_b.D376 1997
082 0 0 _a640/.42
_221
092 _a640.42
_bD34b
100 1 _aDean, James D.,
_cCPA.
_0http://id.loc.gov/authorities/names/n97079093
245 1 0 _aBreaking out of plastic prison :
_ba 10-step program to financial freedom /
_cJames D. Dean and Charles W. Morris.
264 1 _aGrand Rapids, Mich. :
_bFleming H. Revell,
_c[1997]
264 4 _c©1997
300 _a190 pages ;
_c23 cm
336 _atext
_btxt
_2rdacontent
337 _aunmediated
_bn
_2rdamedia
338 _avolume
_bnc
_2rdacarrier
650 0 _aFinance, Personal.
_0http://id.loc.gov/authorities/subjects/sh85048263
650 0 _aFinance, Personal
_xReligious aspects
_xChristianity.
_0http://id.loc.gov/authorities/subjects/sh85048269
650 0 _aChristians
_0http://id.loc.gov/authorities/subjects/sh85025293
_xFinance, Personal.
_0http://id.loc.gov/authorities/subjects/sh2002007886
650 0 _aConsumer credit.
_0http://id.loc.gov/authorities/subjects/sh85031480
650 0 _aDebt.
_0http://id.loc.gov/authorities/subjects/sh85036130
700 1 _aMorris, Charles W.,
_d1952-
_0http://id.loc.gov/authorities/names/n97025683
942 _2ddc
_cBK